Les gagnants de Pékin Express -Mort subite - Statistiques

Statistiques générales
  • Ce quiz a été pris 125 fois
  • Le résultat moyen est 6 sur 11
Answers on the Grid
Answers color-coded by a green-red scale on the quiz's grid according to % correct below.
Cécile et Marion
Cécilia et Mathieu
Christina et Didier
Daisi et Nina
Denis et César
Enzo et Otis
Fathi et Medi
Federic et Jessica
Gérard et Cédric
Ingrid et Nicolas
Jean-Claude et Axel
Jean-Luc et Caroline
Jean-Pierre et François
Jean-Pierre et Joël
Julie et Denis
Lucas et Nicolas
Marcelle et Nicole
Nelly et Fabien
Pauline et Aurélie
Salim et Linda
Xavier et Céline
 
Statistiques - réponses
Réponse % Correct
Cécile et Marion
77%
Julie et Denis
69%
Jean-Claude et Axel
64%
Xavier et Céline
62%
Christina et Didier
61%
Salim et Linda
61%
Cécilia et Mathieu
57%
Jean-Pierre et François
51%
Lucas et Nicolas
48%
Fathi et Medi
43%
Gérard et Cédric
36%
Aucun quiz correspondant
Distribution des résultats
% des personnes avec chaque résultat
Percentile par nombre de réponses
Votre historique - résultats
Vous n’avez pas pris ce quiz